Liệu pháp ở chân chữa bách bệnh

Giới thiệu các liệu pháp ở chân trong y học cổ truyền để chữa 74 dạng bệnh thường gặp ở người

Gespeichert in:
Bibliographische Detailangaben
1. Verfasser: Cường Lợi
Format: Buch
Sprache:Undetermined
Veröffentlicht: Hà Nội Nxb. Hà Nội 2010
Schlagworte:
Tags: Tag hinzufügen
Keine Tags, Fügen Sie den ersten Tag hinzu!
Thư viện lưu trữ: Trung tâm Học liệu Trường Đại học Cần Thơ
LEADER 00750nam a2200205Ia 4500
001 CTU_161093
008 210402s9999 xx 000 0 und d
020 |c 37500 
082 |a 615.882 
082 |b C561 
100 |a Cường Lợi 
245 0 |a Liệu pháp ở chân chữa bách bệnh 
245 0 |c Cường Lợi, Hải Ngọc 
260 |a Hà Nội 
260 |b Nxb. Hà Nội 
260 |c 2010 
520 |a Giới thiệu các liệu pháp ở chân trong y học cổ truyền để chữa 74 dạng bệnh thường gặp ở người 
650 |a Folk medicine,Y học cổ truyền 
910 |a Nguyên 
980 |a Trung tâm Học liệu Trường Đại học Cần Thơ